[Event "Rated Blitz game"]
[Site "?"]
[Date "2021.01.17"]
[Round "?"]
[White "vldman"]
[Black "ferricerve"]
[Result "1/2-1/2"]
[WhiteElo "2391"]
[BlackElo "2470"]
[PlyCount "98"]
[EventDate "2021.??.??"]
[EventType "blitz"]

1. e4 e5 2. Nf3 d5 3. exd5 e4 4. Ne5 Qxd5 5. d4 exd3 6. Nxd3 Nf6 7. Nc3 Qe6+ 8.
Qe2 Bd6 9. Bg5 Be7 10. O-O-O O-O 11. Nf4 Qxe2 12. Bxe2 Nc6 13. Nb5 Bf5 14. Bd3
Bxd3 15. Rxd3 a6 16. Bxf6 axb5 17. Bxe7 Nxe7 18. Kb1 Rfd8 19. Rhd1 Nc6 20. a3
Kf8 21. Rxd8+ Rxd8 22. Rxd8+ Nxd8 23. Kc1 c6 24. Kd2 Ke7 25. Kd3 Ne6 26. Nxe6
Kxe6 27. Ke4 h6 28. h3 f5+ 29. Kd4 Kd6 30. c4 c5+ 31. Kc3 Kc6 32. cxb5+ Kxb5
33. b3 Kc6 34. a4 b5 35. g3 Kb6 36. f3 c4 37. axb5 cxb3 38. Kxb3 Kxb5 39. Kc3
Kc5 40. Kd3 Kd5 41. Ke3 g5 42. h4 gxh4 43. gxh4 Ke5 44. h5 f4+ 45. Kd3 Kd5 46.
Kc3 Kc5 47. Kd3 Kd5 48. Kc3 Kc5 49. Kd3 Kd5 {Normal} 1/2-1/2

[Event "Rated Blitz game"]
[Site "?"]
[Date "2021.01.17"]
[Round "?"]
[White "Strelok2222"]
[Black "Stoichess"]
[Result "1-0"]
[WhiteElo "2430"]
[BlackElo "2511"]
[PlyCount "125"]
[EventDate "2021.??.??"]
[EventType "blitz"]

1. e4 e5 2. Nf3 d5 3. Nxe5 Bd6 4. d4 dxe4 5. Nc4 Nf6 6. Nc3 O-O 7. h3 h6 8.
Nxd6 Qxd6 9. Be3 Nc6 10. Nb5 Qe7 11. c3 a6 12. Na3 Be6 13. Be2 Nd5 14. Qd2 f5
15. g3 Rad8 16. h4 b5 17. Nc2 Qd6 18. Bf4 Nxf4 19. Qxf4 Qxf4 20. gxf4 Ne7 21.
Ne3 Ng6 22. Ng2 Bd5 23. Bh5 Ne7 24. Ne3 g6 25. Be2 h5 26. Rg1 Kf7 27. a4 c6 28.
axb5 axb5 29. Kd2 Ra8 30. Rgc1 Be6 31. Bd1 Rfd8 32. Ke1 Ng8 33. b3 Nf6 34. Rxa8
Rxa8 35. c4 bxc4 36. bxc4 Rd8 37. Ra1 Rxd4 38. Ra6 Bd7 39. Ra7 Ke7 40. c5 Rb4
41. Be2 Rb1+ 42. Kd2 Rb2+ 43. Ke1 Rb3 44. Nc4 Rc3 45. Kd2 Nd5 46. Ne5 Rxc5 47.
Rxd7+ Ke6 48. Ra7 Nxf4 49. Ke3 Nxe2 50. Nxg6 Rc2 51. f3 Nc3 52. fxe4 fxe4 53.
Nf4+ Ke5 54. Re7+ Kf6 55. Rc7 Ke5 56. Re7+ Kd6 57. Rc7 Kxc7 58. Ne6+ Kd6 59.
Nd4 Nd5+ 60. Kxe4 Rc4 61. Kf5 Rxd4 62. Kg5 Nf4 63. Kh6 {Time forfeit} 1-0

[Event "Rated Blitz tournament OQSuGynT"]
[Site "?"]
[Date "2021.01.17"]
[Round "?"]
[White "ChessTreasureMap"]
[Black "Jlgg50972"]
[Result "0-1"]
[WhiteElo "2291"]
[BlackElo "2412"]
[PlyCount "64"]
[EventDate "2021.??.??"]
[EventType "blitz"]

1. e4 e5 2. Nf3 d5 3. Nxe5 Bd6 4. d4 dxe4 5. Nc4 Nf6 6. Be2 Nc6 7. O-O Nxd4 8.
Nxd6+ Qxd6 9. Nc3 O-O 10. Bg5 Bf5 11. Bh4 Rad8 12. Bc4 Qc5 13. Be2 Nf3+ 14.
Bxf3 Rxd1 15. Bxd1 e3 16. Bxf6 gxf6 17. fxe3 Qxe3+ 18. Kh1 Rd8 19. Bf3 Bxc2 20.
Bxb7 Qb6 21. Be4 Qxb2 22. Bxc2 Qxc2 23. Rac1 Qb2 24. Ne4 f5 25. Ng3 Rd2 26.
Rxc7 f4 27. Nf5 h5 28. Nh4 f3 29. Nxf3 Rxg2 30. Rxa7 Qe2 31. Rg1 Rxg1+ 32. Nxg1
Qe4+ {Normal} 0-1

[Event "Rated Blitz game"]
[Site "?"]
[Date "2021.01.17"]
[Round "?"]
[White "Mistango"]
[Black "Jomajo"]
[Result "1/2-1/2"]
[WhiteElo "2541"]
[BlackElo "2575"]
[PlyCount "126"]
[EventDate "2021.??.??"]
[EventType "blitz"]

1. e4 e5 2. Nf3 d5 3. exd5 e4 4. Ne5 Qxd5 5. d4 exd3 6. Nxd3 Nc6 7. Nc3 Qa5 8.
Be2 Nf6 9. O-O Bd6 10. Bd2 O-O 11. a3 Nd4 12. b4 Qf5 13. Be3 Nxe2+ 14. Nxe2 Ng4
15. Bf4 Rd8 16. h3 Nf6 17. Ng3 Qb5 18. Bxd6 Rxd6 19. Qf3 Be6 20. Rfd1 Rad8 21.
Nc5 Bd5 22. Qf4 b6 23. a4 Qc6 24. c4 Bxg2 25. Rxd6 cxd6 26. b5 Qa8 27. Nb3 Bxh3
28. f3 Be6 29. Rd1 Qc8 30. Rxd6 Rxd6 31. Qxd6 Bxc4 32. Nf5 Kh8 33. Nbd4 h5 34.
Qf4 Qe8 35. Qg5 Qe1+ 36. Kg2 Ne8 37. Qxh5+ Kg8 38. Qg5 Bf1+ 39. Kg1 Bd3+ 40.
Kg2 Qf1+ 41. Kg3 Qg1+ 42. Kf4 Qxg5+ 43. Kxg5 f6+ 44. Kf4 Kf7 45. Ke3 g6 46.
Kxd3 gxf5 47. Nxf5 Ke6 48. Ke4 Nd6+ 49. Nxd6 Kxd6 50. Kf5 Ke7 51. f4 Kf7 52.
Ke4 Ke6 53. f5+ Kd6 54. Kd4 a5 55. bxa6 Kc6 56. a7 b5 57. axb5+ Kb6 58. Kd5
Kxb5 59. Ke6 Kb6 60. Kxf6 Kxa7 61. Ke6 Kb6 62. f6 Kc6 63. f7 Kc5 {Time forfeit}
1/2-1/2

[Event "Rated Blitz tournament vaIQv8Yy"]
[Site "?"]
[Date "2021.01.17"]
[Round "?"]
[White "mmcadam"]
[Black "Maltinho"]
[Result "0-1"]
[WhiteElo "2216"]
[BlackElo "2553"]
[PlyCount "44"]
[EventDate "2021.??.??"]
[EventType "blitz"]

1. e4 e5 2. Nf3 d5 3. Nxe5 Bd6 4. d4 dxe4 5. Bc4 Bxe5 6. dxe5 Qxd1+ 7. Kxd1 Nc6
8. Bf4 Nge7 9. Nc3 Ng6 10. Bg3 Ncxe5 11. Bd5 f5 12. Re1 c6 13. Bxe4 fxe4 14.
Rxe4 Bf5 15. Rxe5+ Nxe5 16. Bxe5 O-O-O+ 17. Kc1 Rhe8 18. f4 g5 19. g3 gxf4 20.
gxf4 Rg8 21. Ne2 Rg2 22. Nd4 Rg1+ {Normal} 0-1

[Event "Rated Blitz game"]
[Site "?"]
[Date "2021.01.17"]
[Round "?"]
[White "Tauriel21"]
[Black "zzZ-JUN-Zzz"]
[Result "1/2-1/2"]
[WhiteElo "2287"]
[BlackElo "2422"]
[PlyCount "81"]
[EventDate "2021.??.??"]
[EventType "blitz"]

1. e4 e5 2. Nf3 d5 3. Nxe5 dxe4 4. d4 Bd6 5. Nc4 Nc6 6. Nxd6+ Qxd6 7. c3 f5 8.
Bc4 Nf6 9. Na3 Be6 10. Qe2 O-O-O 11. Nb5 Qe7 12. Bf4 Bxc4 13. Qxc4 Nd5 14. Be5
Nxe5 15. dxe5 a6 16. Nd6+ Kb8 17. Qxd5 cxd6 18. exd6 Qxd6 19. Qxd6+ Rxd6 20.
Ke2 Rhd8 21. Rhd1 Kc7 22. Rxd6 Rxd6 23. Rd1 Rxd1 24. Kxd1 Kd6 25. Ke2 Ke5 26.
b3 g5 27. g3 f4 28. a3 b6 29. Kd2 h5 30. Ke2 h4 31. gxh4 gxh4 32. h3 Kd5 33. a4
Kc5 34. Kd2 b5 35. axb5 axb5 36. Ke2 b4 37. c4 Kd4 38. Kd2 Kc5 39. Ke2 Kd4 40.
Kd2 Kc5 41. Ke2 {Normal} 1/2-1/2

[Event "Rated Blitz game"]
[Site "?"]
[Date "2021.01.17"]
[Round "?"]
[White "Erow"]
[Black "Jomajo"]
[Result "1-0"]
[WhiteElo "2591"]
[BlackElo "2573"]
[PlyCount "75"]
[EventDate "2021.??.??"]
[EventType "blitz"]

1. e4 e5 2. Nf3 d5 3. exd5 e4 4. Qe2 Qe7 5. Nd4 Nf6 6. Nc3 Qe5 7. Nb3 Bd6 8. d3
exd3 9. Qxe5+ Bxe5 10. Bxd3 Bxc3+ 11. bxc3 Nxd5 12. O-O O-O 13. Bb2 Nd7 14. a3
Nf4 15. c4 c6 16. Bd4 Ne6 17. Be3 Ne5 18. h3 b6 19. f4 Nxd3 20. cxd3 f5 21. d4
Ba6 22. Rac1 Rad8 23. Rfd1 Rfe8 24. Kf2 Nc7 25. c5 Re6 26. cxb6 axb6 27. d5
Nxd5 28. Bxb6 Rde8 29. Bc5 Nxf4 30. Nd4 Re4 31. Rc3 Ne2 32. Nxe2 Rxe2+ 33. Kg1
Bb5 34. Rd7 h5 35. Rg3 Bc4 36. Rgxg7+ Kh8 37. Rh7+ Kg8 38. Rdg7# {Normal} 1-0

[Event "Rated Blitz game"]
[Site "?"]
[Date "2021.01.17"]
[Round "?"]
[White "korse"]
[Black "batasjon"]
[Result "1-0"]
[WhiteElo "2451"]
[BlackElo "2389"]
[PlyCount "77"]
[EventDate "2021.??.??"]
[EventType "blitz"]

1. e4 e5 2. Nf3 d5 3. Nxe5 Bd6 4. d4 dxe4 5. Nc3 Nf6 6. Bg5 O-O 7. Bxf6 Qxf6 8.
Nxe4 Qe7 9. Bd3 Bxe5 10. dxe5 Qxe5 11. O-O Nc6 12. Re1 Qxb2 13. Ng5 g6 14. Qf3
Kg7 15. Rab1 Qd4 16. Re4 Qc3 17. Rh4 h6 18. Ne4 Qe5 19. Qe3 g5 20. Rh5 Bf5 21.
h4 Bg6 22. f4 Qd4 23. Qxd4+ Nxd4 24. Ng3 gxf4 25. Rd5 Rad8 26. Rxd8 Rxd8 27.
Ne4 b6 28. Kf2 Bxe4 29. Bxe4 f5 30. Bd3 Re8 31. Rb4 c5 32. Ra4 Re7 33. c3 Nc6
34. Bxf5 Kf6 35. Rxf4 Ke5 36. Rf3 Rf7 37. g4 Na5 38. Re3+ Kf4 39. Re4# {Normal}
1-0

[Event "Rated Blitz game"]
[Site "?"]
[Date "2021.01.17"]
[Round "?"]
[White "mohammedarrami"]
[Black "Jomajo"]
[Result "0-1"]
[WhiteElo "2577"]
[BlackElo "2587"]
[PlyCount "116"]
[EventDate "2021.??.??"]
[EventType "blitz"]

1. e4 e5 2. Nf3 d5 3. exd5 e4 4. Qe2 Qe7 5. Nd4 Nf6 6. Nc3 Qe5 7. Nb3 Bd6 8. d3
exd3 9. Qxe5+ Bxe5 10. Bxd3 Bxc3+ 11. bxc3 Nxd5 12. Bd2 O-O 13. O-O Nd7 14. c4
N5b6 15. a4 Ne5 16. f4 Nexc4 17. Bb4 Nd6 18. a5 Nd5 19. Bc5 Rd8 20. Rae1 b6 21.
Bxd6 cxd6 22. Be4 Nc7 23. Bxa8 Nxa8 24. Re7 Bd7 25. Rfe1 Kf8 26. R7e3 Nc7 27.
Rc3 Nb5 28. Rd3 Be6 29. Nd4 Bc4 30. Rd2 Nxd4 31. Rxd4 d5 32. Rb1 Rd6 33. Kf2
Ke7 34. g3 Kd7 35. Rbd1 Kc6 36. axb6 Kxb6 37. R1d2 Rc6 38. g4 a5 39. c3 a4 40.
Rb2+ Kc5 41. h4 a3 42. Rb1 a2 43. Ra1 Ra6 44. Rdd1 Ra3 45. Rdc1 f6 46. Ke3 Ra7
47. f5 Re7+ 48. Kf4 Re4+ 49. Kf3 Be2+ 50. Kf2 Bc4 51. Kf3 h6 52. Rg1 Re5 53.
Kf4 Re2 54. Kf3 Rc2 55. g5 Rxc3+ 56. Kf4 Rh3 57. gxf6 gxf6 58. Rg4 h5 {Time
forfeit} 0-1

[Event "Rated Blitz game"]
[Site "?"]
[Date "2021.01.17"]
[Round "?"]
[White "gmhungaski"]
[Black "Jomajo"]
[Result "1-0"]
[WhiteElo "2618"]
[BlackElo "2570"]
[PlyCount "83"]
[EventDate "2021.??.??"]
[EventType "blitz"]

1. e4 e5 2. Nf3 d5 3. Nxe5 Bd6 4. d4 dxe4 5. Nc3 Bxe5 6. dxe5 Qxd1+ 7. Kxd1
Bg4+ 8. Be2 Bxe2+ 9. Kxe2 Nc6 10. Nxe4 O-O-O 11. Bg5 Nd4+ 12. Kd3 f6 13. exf6
gxf6 14. Bxf6 Nxf6 15. Nxf6 Nb3+ 16. Ke3 Nxa1 17. Rxa1 Rhf8 18. Ne4 Rf5 19. g4
Rb5 20. b3 Re8 21. f4 a5 22. Rd1 a4 23. h4 b6 24. c4 Rb4 25. Rd3 b5 26. Rc3
axb3 27. axb3 bxc4 28. bxc4 Rb1 29. Kf3 Rf1+ 30. Nf2 Rd8 31. Rc2 Rd4 32. f5 Kd7
33. Re2 Rxc4 34. f6 Ra4 35. g5 c5 36. f7 Ra8 37. h5 Rf8 38. g6 hxg6 39. hxg6
Rg1 40. Ng4 c4 41. Re8 Rxe8 42. Nf6+ {Normal} 1-0

[Event "Rated Blitz game"]
[Site "?"]
[Date "2021.01.17"]
[Round "?"]
[White "Genialny_zolw"]
[Black "DarthZannah"]
[Result "0-1"]
[WhiteElo "2327"]
[BlackElo "2475"]
[PlyCount "54"]
[EventDate "2021.??.??"]
[EventType "blitz"]

1. e4 e5 2. Nf3 d5 3. exd5 e4 4. Qe2 Nf6 5. d3 Qxd5 6. Nbd2 e3 7. fxe3 Qh5 8.
e4 Bd6 9. e5 O-O 10. exf6 Bg4 11. fxg7 Kxg7 12. Ne4 Nc6 13. Be3 Rae8 14. O-O-O
Be5 15. Qf2 f5 16. Nc5 f4 17. Bd2 Nd4 18. Nxe5 Qxe5 19. Bc3 Rd8 20. Nb3 c5 21.
Re1 Qd5 22. Re7+ Kg8 23. Bxd4 cxd4 24. Be2 Qg5 25. Rxb7 f3+ 26. Kb1 fxe2 27. h3
Rxf2 {Normal} 0-1

[Event "Rated Blitz game"]
[Site "?"]
[Date "2021.01.17"]
[Round "?"]
[White "Teamplayer16"]
[Black "zzZ-JUN-Zzz"]
[Result "1-0"]
[WhiteElo "2436"]
[BlackElo "2379"]
[PlyCount "53"]
[EventDate "2021.??.??"]
[EventType "blitz"]

1. e4 e5 2. Nf3 d5 3. exd5 e4 4. Qe2 Nf6 5. Nc3 Be7 6. Nxe4 O-O 7. Nxf6+ Bxf6
8. Qd1 Re8+ 9. Be2 Qe7 10. d4 b6 11. c3 Bb7 12. Be3 Bxd5 13. O-O Nd7 14. Re1
Rad8 15. Qd2 c5 16. dxc5 Nxc5 17. Nd4 Ne4 18. Qc2 Rc8 19. Bf3 Be5 20. Rad1 Bb7
21. g3 Qf6 22. Bxe4 Bxe4 23. Qxe4 Bxg3 24. Qf3 Be5 25. Qxf6 Bxf6 26. Nf5 g6 27.
Nd6 {Normal} 1-0

[Event "Rated Blitz game"]
[Site "?"]
[Date "2021.01.17"]
[Round "?"]
[White "StoreySniper"]
[Black "Evdokimov_Michael"]
[Result "1-0"]
[WhiteElo "2438"]
[BlackElo "2269"]
[PlyCount "98"]
[EventDate "2021.??.??"]
[EventType "blitz"]

1. e4 e5 2. Nf3 d5 3. exd5 e4 4. Ne5 Qxd5 5. Nc4 Nf6 6. Ne3 Qe5 7. Bc4 Bd6 8.
Nc3 Nc6 9. Bb5 Bd7 10. Bxc6 Bxc6 11. Ng4 Nxg4 12. Qxg4 f5 13. Qh5+ g6 14. Qh4
Kd7 15. b3 Qe7 16. Qxe7+ Bxe7 17. Bb2 Rhe8 18. O-O Rad8 19. Rad1 Kc8 20. Ne2
Bd6 21. Nd4 Bd7 22. d3 Be5 23. dxe4 fxe4 24. Ba1 Bf5 25. Nxf5 gxf5 26. Rxd8+
Kxd8 27. Rd1+ Kc8 28. Bxe5 Rxe5 29. Kf1 c6 30. g3 Kc7 31. Ke2 Rc5 32. c4 b5 33.
cxb5 cxb5 34. Rd2 Rc3 35. Rd5 Rc2+ 36. Ke3 Rxa2 37. Rxb5 Ra3 38. Rxf5 Rxb3+ 39.
Kxe4 Ra3 40. Rf7+ Kc6 41. Rxh7 a5 42. g4 Ra2 43. Kf3 a4 44. g5 Ra1 45. Kg2 a3
46. Ra7 Kb6 47. Ra8 a2 48. g6 Kb7 49. Ra3 Kc7 {Normal} 1-0

[Event "Rated Blitz game"]
[Site "?"]
[Date "2021.01.17"]
[Round "?"]
[White "therealYardbird"]
[Black "Jomajo"]
[Result "0-1"]
[WhiteElo "2615"]
[BlackElo "2551"]
[PlyCount "92"]
[EventDate "2021.??.??"]
[EventType "blitz"]

1. e4 e5 2. Nf3 d5 3. d4 dxe4 4. Nxe5 Bd6 5. Nc4 Nf6 6. Nc3 O-O 7. Be2 h6 8.
Be3 Nc6 9. h3 Ne7 10. Qd2 Ned5 11. Nxd5 Nxd5 12. O-O-O f5 13. Nxd6 Qxd6 14. c4
Nxe3 15. fxe3 Qg3 16. c5 Be6 17. d5 Rad8 18. Bc4 Bf7 19. Qd4 c6 20. d6 Bxc4 21.
Qxc4+ Kh8 22. Qd4 Rd7 23. Rd2 b6 24. Rf1 bxc5 25. Qxc5 Rfd8 26. Rxf5 Rxd6 27.
Rxd6 Qxd6 28. Qxd6 Rxd6 29. Re5 Rf6 30. Rxe4 Rf2 31. Ra4 Rxg2 32. Rxa7 Rg3 33.
Re7 Rxh3 34. a4 Rh4 35. b3 Rb4 36. Kc2 h5 37. Kc3 Rb8 38. a5 h4 39. Re4 g5 40.
Re5 Rg8 41. Re6 Kh7 42. Re7+ Kh6 43. Re6+ Kh5 44. Re7 Kg6 45. Re6+ Kh5 46. Re8
Rxe8 {Normal} 0-1

[Event "Rated Blitz game"]
[Site "?"]
[Date "2021.01.17"]
[Round "?"]
[White "doons21"]
[Black "Jomajo"]
[Result "1/2-1/2"]
[WhiteElo "2571"]
[BlackElo "2576"]
[PlyCount "146"]
[EventDate "2021.??.??"]
[EventType "blitz"]

1. e4 e5 2. Nf3 d5 3. exd5 e4 4. Ne5 Qe7 5. Nc4 Nf6 6. Nc3 c6 7. Ne3 Qe5 8. d4
exd3 9. Bxd3 cxd5 10. Ncxd5 Bd6 11. Bb5+ Nc6 12. Nxf6+ Qxf6 13. O-O O-O 14.
Bxc6 bxc6 15. Re1 Rd8 16. Qh5 g6 17. Qf3 Qxf3 18. gxf3 Be6 19. Kg2 a5 20. Ng4
h5 21. Nf6+ Kg7 22. Bg5 Bb4 23. c3 Be7 24. Nxh5+ gxh5 25. Bxe7 Rd2 26. Ba3 h4
27. Re4 h3+ 28. Kg3 Kf6 29. Bc5 Rg8+ 30. Kf4 Rxb2 31. Ra4 Rb5 32. Bd4+ Ke7 33.
Re1 Rg2 34. Re5 Rxh2 35. Rxb5 cxb5 36. Rxa5 Rxf2 37. Ra7+ Kd6 38. Ra8 Rxa2 39.
Rd8+ Ke7 40. Rh8 h2 41. Ke3 Bd5 42. Be5 Rc2 43. Kd4 Bxf3 44. Bxh2 Bc6 45. Rh5
Bd7 46. Re5+ Kd8 47. Rd5 Rc1 48. Kc5 Rxc3+ 49. Kd6 Rc6+ 50. Ke5 Re6+ 51. Kd4
Rb6 52. Bd6 Rb7 53. Bc5 Rc7 54. Rd6 Rc6 55. Rxc6 Bxc6 56. Ke5 Kd7 57. Kf6 b4
58. Bxb4 Bd5 59. Bc3 Be6 60. Bd4 Kc6 61. Bc3 Kd5 62. Be5 Kc4 63. Bg3 Kb3 64.
Bh4 Kc4 65. Bg5 Kd5 66. Bh6 Ke4 67. Bg7 Kd5 68. Bh8 Kc6 69. Bg7 Kd7 70. Bf8 Bd5
71. Bg7 Be6 72. Bh8 Bd5 73. Bg7 Be6 {Normal} 1/2-1/2

[Event "Rated Blitz game"]
[Site "?"]
[Date "2021.01.17"]
[Round "?"]
[White "kintoho"]
[Black "Norealtrainingplayer"]
[Result "0-1"]
[WhiteElo "2471"]
[BlackElo "2397"]
[PlyCount "51"]
[EventDate "2021.??.??"]
[EventType "blitz"]

1. e4 e5 2. Nf3 d5 3. d4 dxe4 4. Nxe5 Bd6 5. Bc4 Bxe5 6. dxe5 Qxd1+ 7. Kxd1 Nc6
8. Bf4 Nge7 9. Nc3 Ng6 10. Bg3 h5 11. Bb5 O-O 12. Bxc6 bxc6 13. h4 Bf5 14. Re1
Rae8 15. Nxe4 Bxe4 16. Rxe4 f5 17. Re2 f4 18. Bh2 Rxe5 19. Rxe5 Nxe5 20. Ke2
Ng6 21. g3 Re8+ 22. Kf3 Kf7 23. Rd1 Kf6 24. Rd7 Ne5+ 25. Kxf4 Nxd7 26. Kf3 {
Normal} 0-1

[Event "Rated Blitz tournament 1XnHt8HJ"]
[Site "?"]
[Date "2021.01.17"]
[Round "?"]
[White "AragomBB"]
[Black "Mettigel"]
[Result "0-1"]
[WhiteElo "2219"]
[BlackElo "2436"]
[PlyCount "72"]
[EventDate "2021.??.??"]
[EventType "blitz"]

1. e4 e5 2. Nf3 d5 3. exd5 Bd6 4. d4 e4 5. Ne5 Nf6 6. c4 c5 7. Nc3 cxd4 8. Qxd4
Qe7 9. Bf4 Nh5 10. Ng6 hxg6 11. Bxd6 Qxd6 12. O-O-O Qf4+ 13. Kb1 Bf5 14. Ka1
O-O 15. Be2 Nf6 16. g3 Qd6 17. c5 Qd7 18. h3 Qd8 19. Bc4 Na6 20. a3 Qa5 21. Ka2
Qxc5 22. Qxc5 Nxc5 23. Rhe1 Bxh3 24. b4 Nd3 25. Bxd3 exd3 26. Rxd3 Rfe8 27.
Rde3 Rxe3 28. Rxe3 Kf8 29. f3 Bd7 30. Kb3 Re8 31. Rxe8+ Kxe8 32. Kc4 Ke7 33. a4
Kd6 34. Ne4+ Nxe4 35. fxe4 Ke5 36. b5 b6 {Normal} 0-1

[Event "Rated Blitz game"]
[Site "?"]
[Date "2021.01.17"]
[Round "?"]
[White "Sensei900"]
[Black "zzZ-JUN-Zzz"]
[Result "0-1"]
[WhiteElo "2448"]
[BlackElo "2337"]
[PlyCount "38"]
[EventDate "2021.??.??"]
[EventType "blitz"]

1. e4 e5 2. Nf3 d5 3. exd5 e4 4. Qe2 Nf6 5. d3 Qxd5 6. Nc3 Bb4 7. Bd2 Bxc3 8.
Bxc3 O-O 9. dxe4 Nxe4 10. Rd1 Qf5 11. Nd4 Qg6 12. Rd3 c5 13. Nf3 Nc6 14. Nh4
Qe6 15. Re3 f5 16. Qc4 Kh8 17. Qxe6 Bxe6 18. Nf3 a6 19. b3 b5 {Time forfeit}
0-1

[Event "Rated Blitz tournament Opq6jkwr"]
[Site "?"]
[Date "2021.01.17"]
[Round "?"]
[White "Cholwezovich"]
[Black "Yatatu408Empire"]
[Result "0-1"]
[WhiteElo "2206"]
[BlackElo "2458"]
[PlyCount "56"]
[EventDate "2021.??.??"]
[EventType "blitz"]

1. e4 e5 2. Nf3 d5 3. exd5 e4 4. Nd4 Qxd5 5. Nb3 Qe5 6. Nc3 Nf6 7. Be2 Bd6 8.
d4 exd3 9. Qxd3 Bf5 10. Qe3 Bxc2 11. Nd4 Bg6 12. Ncb5 O-O 13. Qxe5 Bxe5 14. f4
Bxd4 15. Nxd4 Nc6 16. Nxc6 bxc6 17. O-O Be4 18. Bd2 Rfe8 19. Bc4 Bd5 20. Bd3
Ne4 21. Ba5 Nc5 22. Bc2 Re2 23. Rf2 Rae8 24. Raf1 Bc4 25. Rxe2 Rxe2 26. Rf2 Re8
27. b3 Ba6 28. Bxc7 Re1+ {Normal} 0-1

[Event "Rated Blitz game"]
[Site "?"]
[Date "2021.01.17"]
[Round "?"]
[White "Hemoglobinski"]
[Black "Stoichess"]
[Result "0-1"]
[WhiteElo "2535"]
[BlackElo "2517"]
[PlyCount "102"]
[EventDate "2021.??.??"]
[EventType "blitz"]

1. e4 e5 2. Nf3 d5 3. exd5 Bd6 4. d4 e4 5. Ne5 Nf6 6. c4 c5 7. dxc6 Nxc6 8.
Nxc6 bxc6 9. Bg5 Rb8 10. b3 Qa5+ 11. Bd2 Qc7 12. h3 O-O 13. Nc3 Re8 14. Be2 Bf5
15. O-O Qd7 16. Bg5 Bc7 17. Bxf6 gxf6 18. Bg4 Qd6 19. g3 Bg6 20. Re1 f5 21. Bh5
f4 22. Bxg6 Qxg6 23. Qg4 fxg3 24. fxg3 f5 25. Qxg6+ hxg6 26. g4 Ba5 27. Rec1 f4
28. d5 f3 29. dxc6 e3 30. Nd5 Re6 31. b4 Bxb4 32. c7 Rc8 33. Nxb4 Rxc7 34. Nd5
Rf7 35. c5 f2+ 36. Kg2 e2 37. Re1 Re5 38. Nc3 f1=Q+ 39. Rxf1 exf1=Q+ 40. Rxf1
Rxf1 41. Kxf1 Rxc5 42. Ne4 Ra5 43. Kf2 Rxa2+ 44. Kf3 Ra3+ 45. Kg2 a5 46. h4 a4
47. h5 gxh5 48. gxh5 Re3 49. Nf6+ Kh8 50. Ng4 Rb3 51. Kf2 a3 {Normal} 0-1

[Event "Rated Blitz game"]
[Site "?"]
[Date "2021.01.17"]
[Round "?"]
[White "Genialny_zolw"]
[Black "DarthZannah"]
[Result "0-1"]
[WhiteElo "2334"]
[BlackElo "2468"]
[PlyCount "46"]
[EventDate "2021.??.??"]
[EventType "blitz"]

1. e4 e5 2. Nf3 d5 3. exd5 e4 4. Qe2 Nf6 5. d3 Qxd5 6. Bg5 Bb4+ 7. c3 O-O 8.
Bxf6 exf3 9. Qxf3 Re8+ 10. Be2 Qxf3 11. gxf3 gxf6 12. cxb4 Nc6 13. Rg1+ Kf8 14.
Nc3 Nxb4 15. Kd2 Bf5 16. a3 Nc6 17. Nd5 Nd4 18. Rae1 Rxe2+ 19. Rxe2 Nxf3+ 20.
Kc3 Nxg1 21. Re3 Nh3 22. Nxf6 Be6 23. Nxh7+ Kg7 {Normal} 0-1

[Event "Rated Blitz game"]
[Site "?"]
[Date "2021.01.17"]
[Round "?"]
[White "TigranDrawosian"]
[Black "KinzyabulatovRenat"]
[Result "1-0"]
[WhiteElo "2458"]
[BlackElo "2354"]
[PlyCount "65"]
[EventDate "2021.??.??"]
[EventType "blitz"]

1. e4 e5 2. Nf3 d5 3. Nxe5 Bd6 4. d4 dxe4 5. Nc4 Nf6 6. Nc3 O-O 7. Bg5 Be7 8.
Qd2 Nc6 9. O-O-O Nb4 10. Bxf6 Bxf6 11. Nxe4 a5 12. Kb1 Be6 13. Nc5 Bd5 14. a3
b6 15. axb4 bxc5 16. bxc5 a4 17. Ne3 Bc6 18. Bc4 Qb8 19. Ka2 Rd8 20. c3 Bb5 21.
Qd3 Ra5 22. Rhe1 c6 23. Nf5 Bxc4+ 24. Qxc4 Rb5 25. Re2 a3 26. b4 Rb7 27. Nd6
Rbd7 28. Rde1 g6 29. Re8+ Kg7 30. Rxd8 Qxd8 31. Re8 Qc7 32. Rc8 Qa7 33. Ne8+ {
Normal} 1-0

[Event "Rated Blitz game"]
[Site "?"]
[Date "2021.01.17"]
[Round "?"]
[White "Perfection_Ratee"]
[Black "blastol"]
[Result "0-1"]
[WhiteElo "2416"]
[BlackElo "2360"]
[PlyCount "140"]
[EventDate "2021.??.??"]
[EventType "blitz"]

1. e4 e5 2. Nf3 d5 3. exd5 Bd6 4. Bb5+ c6 5. dxc6 bxc6 6. Bc4 e4 7. Qe2 Qe7 8.
Nd4 Nf6 9. Nc3 O-O 10. h3 Re8 11. O-O Qe5 12. g3 Qxd4 13. Re1 Bxh3 14. d3 Bg4
15. Qe3 Qxe3 16. Bxe3 exd3 17. Bxd3 Nbd7 18. Kg2 Ne5 19. Be2 Bxe2 20. Rxe2 Nc4
21. Rae1 Nxe3+ 22. Rxe3 Rxe3 23. Rxe3 Re8 24. Rd3 Be5 25. Nd1 Kf8 26. c3 Bc7
27. Ne3 Rd8 28. Rxd8+ Bxd8 29. Nc4 Bb6 30. Ne5 c5 31. a4 a5 32. g4 Ke7 33. g5
Nd5 34. Nc4 Bc7 35. Kf3 f6 36. gxf6+ Nxf6 37. Ke3 h5 38. Kf3 h4 39. Ne3 h3 40.
Nf5+ Kf7 41. Ne3 h2 42. Kg2 Ne4 43. Nd1 Ke6 44. f3 Nd2 45. Ne3 Nxf3 46. Ng4
Ne1+ 47. Kh1 Nd3 48. b3 Nc1 49. Ne3 Nxb3 50. Nc4 Nc1 51. Nd2 Na2 52. Ne4 Kd5
53. Nf2 Nxc3 54. Nd3 Nd1 55. Kg2 Kd4 56. Nf4 Ke3 57. Nh3 c4 58. Ng5 c3 59. Nf3
c2 60. Nd4 c1=Q 61. Nb3 Qc2+ 62. Nd2 Qb3 63. Nf1+ Ke2 64. Ng3+ Ke1 65. Ne4 Qc2+
66. Nf2 Qxf2+ 67. Kh3 h1=Q+ 68. Kg4 Qhg2+ 69. Kh5 Qf5+ 70. Kh4 Qfh3# {Normal}
0-1

[Event "Rated Blitz game"]
[Site "?"]
[Date "2021.01.17"]
[Round "?"]
[White "Roman_Morozov"]
[Black "Stoichess"]
[Result "1-0"]
[WhiteElo "2541"]
[BlackElo "2509"]
[PlyCount "61"]
[EventDate "2021.??.??"]
[EventType "blitz"]

1. e4 e5 2. Nf3 d5 3. exd5 Bd6 4. Qe2 Qe7 5. Nc3 f5 6. d4 e4 7. Ng5 Nf6 8. a3
a6 9. f3 h6 10. fxe4 hxg5 11. e5 f4 12. exf6 gxf6 13. Bd2 Bg4 14. Qxe7+ Kxe7
15. Kf2 Nd7 16. Ne4 Bf5 17. Bd3 Bxe4 18. Bxe4 Nb6 19. b3 f5 20. Bxf5 Nxd5 21.
c4 Ne3 22. Be4 c5 23. Bc3 Rh6 24. Bxb7 Rb8 25. Bd5 Rxb3 26. Bd2 Ng4+ 27. Ke2
cxd4 28. c5 d3+ 29. Kf3 Ne5+ 30. Ke4 Bc7 31. Bxb3 {Normal} 1-0

[Event "Rated Blitz game"]
[Site "?"]
[Date "2021.01.17"]
[Round "?"]
[White "Lgabi"]
[Black "Tayota"]
[Result "1-0"]
[WhiteElo "2403"]
[BlackElo "2350"]
[PlyCount "41"]
[EventDate "2021.??.??"]
[EventType "blitz"]

1. e4 e5 2. Nf3 d5 3. exd5 e4 4. Qe2 f5 5. d3 Nf6 6. dxe4 fxe4 7. Bg5 Be7 8.
Bxf6 Bxf6 9. Nc3 O-O 10. Nd2 Bxc3 11. bxc3 e3 12. fxe3 Qf6 13. Ne4 Qe5 14. Qc4
b5 15. Qd4 Qh5 16. Be2 Bg4 17. Bxg4 Qxg4 18. Nf6+ Rxf6 19. Qxg4 Na6 20. Rf1 Rg6
21. Qd4 {Normal} 1-0

[Event "Rated Blitz game"]
[Site "?"]
[Date "2021.01.17"]
[Round "?"]
[White "LarsenMagnus"]
[Black "KinzyabulatovRenat"]
[Result "1-0"]
[WhiteElo "2421"]
[BlackElo "2361"]
[PlyCount "55"]
[EventDate "2021.??.??"]
[EventType "blitz"]

1. e4 e5 2. Nf3 d5 3. exd5 e4 4. Ne5 Qxd5 5. d4 exd3 6. Nxd3 Nc6 7. Nc3 Qa5 8.
g3 Bf5 9. Bg2 O-O-O 10. O-O Nd4 11. Be3 Nxc2 12. Qxc2 Bxd3 13. Qb3 Qa6 14. Rfd1
Nf6 15. Rac1 Bd6 16. a4 Bc4 17. Qc2 Be5 18. Nb5 Rxd1+ 19. Qxd1 Rd8 20. Nxa7+
Qxa7 21. Qxd8+ Kxd8 22. Bxa7 Bb3 23. a5 Ba4 24. Bxb7 Bxb2 25. Rb1 Be5 26. Be3
Ng4 27. a6 Nxe3 28. a7 {Normal} 1-0

[Event "Rated Blitz tournament 1XN8kJSE"]
[Site "?"]
[Date "2021.01.17"]
[Round "?"]
[White "Darmik"]
[Black "Herabi"]
[Result "0-1"]
[WhiteElo "2477"]
[BlackElo "2369"]
[PlyCount "90"]
[EventDate "2021.??.??"]
[EventType "blitz"]

1. e4 e5 2. Nf3 d5 3. Nc3 dxe4 4. Nxe5 Qd4 5. Nc4 Bc5 6. Ne3 f5 7. Qe2 Nf6 8.
Qc4 Nc6 9. Nb5 Qxc4 10. Bxc4 Bb6 11. c3 Ne5 12. Be2 f4 13. Nc4 Nfd7 14. d4 exd3
15. Nxe5 Nxe5 16. Bd1 O-O 17. a4 a6 18. Na3 Bd7 19. Bd2 Bc6 20. O-O Rae8 21.
Bb3+ Kh8 22. Nc4 Nxc4 23. Bxc4 Re2 24. Rad1 Rd8 25. Bxf4 Bxa4 26. Rxd3 Rxd3 27.
Bxd3 Rxb2 28. Re1 Rxf2 29. Be3 Bxe3 30. Rxe3 Rf8 31. Re7 Bc6 32. Rxc7 a5 33.
Bc4 a4 34. h3 a3 35. Bb3 g6 36. Re7 Rd8 37. Re2 Rd3 38. Ra2 Rxc3 39. Rxa3 Kg7
40. Kh2 Bd5 41. Ra7 Rxb3 42. Ra5 Bc6 43. Rc5 Rb2 44. Rc4 Rxg2+ 45. Kh1 Rc2+ {
Normal} 0-1